Lataa...
Sabda manjari. /
| Päätekijä: | |
|---|---|
| Kieli: | Undetermined |
| LEADER | 00344nam a2200109Ia 4500 | ||
|---|---|---|---|
| 001 | 128797 | ||
| 008 | 170722s9999 xx 000 0 und d | ||
| 100 | |a Anantanarayana Sastri, Ps | ||
| 245 | |a Sabda manjari. / | ||
| 942 | |c GEN | ||
| 999 | |c 20736 |d 20736 | ||
| 952 | |0 0 |1 0 |4 0 |6 P_153123_F7 |7 0 |8 CR |9 24516 |a LIB |b LIB |d 2017-08-12 |o P15,31:23 F7 |p 5661 |r 2017-08-12 |w 2017-08-12 |y GEN | ||